000 00307nam a22001337a 4500
008 181217b xxu||||| |||| 00| 0 eng d
020 _a089529429-X
041 _aeng
080 _a612.39
100 _a10
101 _aNUT
245 _aPrescription for Nutritional Healing
_cBalch,J.F
942 _2udc
_cBK
999 _c53179
_d53179